| 000 | 004810000a22001930004500 | ||
|---|---|---|---|
| 003 | LK-CoMWRAF | ||
| 005 | 20231230153633.0 | ||
| 008 | 230817t ||||| |||| 00| 0 eng d | ||
| 020 | _a0195660633 | ||
| 040 |
_aLK-CoMWRAF _dLK-CoMWRAF _eLK-CoMWRAF |
||
| 041 | _aeng | ||
| 082 |
_a823 _bMET |
||
| 100 | _aMetcalf, Barbara Daly | ||
| 245 | _aPerfecting Women | ||
| 260 |
_aIndia : _bOxford University press, _c2002 |
||
| 300 | _a436p | ||
| 650 | _aEnglish Fiction | ||
| 942 | _cBK | ||
| 999 |
_c1180 _d1180 |
||